LEADER 00964nam a2200265 i 4500 001 991000507259707536 005 20020503182155.0 008 991119s1999 it ita 020 $a8842057916$c14000 035 $ab10087758-39ule_inst 035 $aLE02517313$9ExL 040 $aFac. Economia$bita 082 0 $a337.09045 100 1 $aPollard, Sidney$0120978 245 12$aL'economia internazionale dal 1945 a oggi /$cSidney Pollard 260 $aRoma :$bLaterza,$c1999 300 $a165 p. ;$c18 cm 490 0 $aBiblioteca essenziale Laterza ;$v21 650 4$aEconomia internazionale$y1945-1995 907 $a.b10087758$b09-07-18$c27-06-02 912 $a991000507259707536 945 $aLE025 ECO 337 POL01.01$g1$i2025000067967$lle025$nCatalogato 2018$o-$pE0.00$q-$rl$s- $t0$u2$v2$w2$x0$y.i10101664$z27-06-02 996 $aEconomia internazionale dal 1945 a oggi$9196024 997 $aUNISALENTO 998 $ale025$b01-01-99$cm$da $e-$fita$git $h2$i1 LEADER 01244nas 2200421 c 450 001 9910893554503321 005 20260218111027.0 024 7 $aurn:nbn:de:hbz:061:3-33124 035 $a(CKB)5280000000199445 035 $a(DE-599)ZDB2761608-3 035 $a(DE-101)1048410331 035 $a(DE-599)2761608-3 035 $a(EXLCZ)995280000000199445 100 $a20140312a20089999 |y | 101 0 $ager 135 $aur||||||||||| 181 $ctxt$2rdacontent 182 $cc$2rdamedia 183 $acr$2rdacarrier 200 10$aAmts- und Mitteilungsblatt / Robert-Schumann-Hochschule$fHrsg.: der Rektor 210 31$aDu?sseldorf$d[2008?]- 215 $aOnline-Ressource 300 $aGesehen am 14.10.2020 517 1 $aAmtsblatt 606 $aHochschulverwaltung$3(DE-588)4072563-7$3https://d-nb.info/gnd/4072563-7$3(DE-101)040725634$2gnd 608 $aZeitschrift$2gnd-content 608 $aOnline-Publikation$2gnd 615 7$aHochschulverwaltung. 676 $a340 676 $a370 686 $a99 ; Du?sseldorf$a794010$2nwbib 801 0$b0061 801 1$bDE-101 801 2$b9001 906 $aJOURNAL 912 $a9910893554503321 996 $aAmts- und Mitteilungsblatt$91909835 997 $aUNINA